محاولات فاشلة للهروب من القدر : (Record no. 31068)

MARC details
000 -الفاتح
حقل البيانات ثابتة الطول 01017nam a2200301 i 4500
003 - محدد رقم الضبط
رقم الضبط EG-ScBUE
005 - وقت وتاريخ اخر تعامل مع التسجيلة
رقم الضبط 20260203103608.0
008 - عناصر البيانات ثابتة الطول - معلومات عامة
حقل البيانات ثابتة الطول 181204s2026 ua f 000 f ara d
017 ## - رقم الإيداع القانونى
رقم الإيداع القانونى 2025 / 30851
020 ## - الرقم الدولى المعيارى للكتب
الرقم الدولى المعيارى للكتاب 9789777955577
040 ## - مصدر الفهرسة
وكالة الفهرسة الأصلية EG-ScBUE
لغة الفهرسة ara
قواعد الوصف rda
وكالة النسخ EG-ScBUE
وكالة التعديل EG-ScBUE
043 ## - رمز المنطقة الجغرافية
رمز المنطقة الجغرافية f-ua---
082 04 - رقم تصنيف ديوى العشرى
رقم التصنيف 892.737
رقم المادة هـ ل ب
رقم الطبعة 22
100 1# - المدخل الرئيسى - إسم شخصى
الإسم الشخصى الهلباوي، ميرنا،
الدور مؤلف.
9 (RLIN) 41953
245 10 - بيان العنوان
العنوان محاولات فاشلة للهروب من القدر :
بقية العنوان رواية /
بيان المسئوليه,etc ميرنا الهلباوي.
250 ## - بيان الطبعة
بيان الطبعة الطبعة الرابعة.
264 #1 - النشر، التوزيع
مكان الناشر او الموزع القاهرة :
اسم الناشر او الموزع الدار المصرية اللبنانية،
تاريخ النشر أو التوزيع 2026.
300 ## - الوصف المادى
التعداد 439 صفحة ؛
أبعاد الوعاء 20 سم
336 ## - نوع المحتوى
source rdacontent
Carrier Type Term نص
Content Type Code txt
337 ## - نوع الوسيط
source rdamedia
Media Type Term بدون وسيط
Media Type Code n
338 ## - نوع الحامل أو الناقل
source rdacarrier
Carrier Type Term مجلد
Carrier Type Code nc
541 ## - تبصرة المصدر المباشر للتزويد
طريقة التزويد Book Fair 2026.
650 #7 - المدخل الاضافى بالموضوع-مصطلح موضوعى
مصطلح موضوعي أو اسم جغرافي كعنصر مدخل القصص العربية
التقسيم الفرعي الزمني قرن21
مصدر الرأس أو المصطلح BUEsh
651 ## - المدخل الاضافى بالموضوع - اسم جغرافى
مصدر الرأس أو المصطلح BUEsh
653 ## - مصطلح تكشيفى غير مقيد
Resource For college Arabic Literature
Arrived date list January2026
655 ## - مصطلح تكشيفى-نوع/شكل
التقسيم الفرعي الشكلي Reading book
942 ## - عناصر المدخل الإضافي( كوها)
مصدر التصنيف او مخطط الترفيف Dewey Decimal Classification
Holdings
حالة التراجع حالة الفقد مصدر التصنيف او خطة الترفيف حالة تلف ليس للاعارة مجموعات كوها المكان الدائم المكان الحالي موقع الترفيف تاريخ الاكتساب Source of acquisition سعر الشراء الطبيعي تعداد مسلسل / التسلسل الزمني رقم الاستدعاء الباركود Date last seen مُعار التكلفة نوع الوعاء
    Dewey Decimal Classification     Dar Masreya El Lebnani Central Library Central Library Second Floor 03/02/2026 Purchase 200.00 512280 892.737 هـ ل ب 000057469 18/04/2026 21/02/2026 250.00 Book - Borrowing